000
00286nam a22001217a 4500
008
181217b xxu||||| |||| 00| 0 eng d
041
_a
eng
080
_a
610.73
100
_a
2
101
_a
INF
245
_a
Contemporary Issues in Critical Care Nursing
_c
Guthrie,M
942
_2
udc
_c
BK
999
_c
53195
_d
53195